| 000 | 01071cam a2200289 a 4500 | ||
|---|---|---|---|
| 001 | 4017535 | ||
| 003 | OSt | ||
| 005 | 20150112154220.0 | ||
| 008 | 970717s1997 waua 001 0 eng | ||
| 010 | _a 97033680 | ||
| 020 | _a1572316454 | ||
| 040 |
_aDLC _cDLC _dDLC |
||
| 050 | 0 | 0 |
_aTK5105.8885.F76 _bB88 1997 |
| 082 | 0 | 0 |
_a005.7 _221 _bBUY 1997 |
| 100 | 1 |
_aBuyens, Jim. _92361 |
|
| 245 | 0 | 0 |
_aRunning Microsoft FrontPage 98 / _cJim Buyens. |
| 260 |
_aRedmond, Wash. : _bMicrosoft Press, _c1997. |
||
| 300 |
_axxxi, 656 p. : _bill. ; _c23 cm. + _e1 computer laser optical disc (4 3/4 in.) |
||
| 500 | _aIncludes index. | ||
| 538 | _aSystem requirements for accompanying computer disc: IBM-compatible PC; Windows 95; Windows NT 4.0. | ||
| 630 | 0 | 0 |
_aMicrosoft FrontPage. _92362 |
| 650 | 0 |
_aWeb sites. _92363 |
|
| 650 | 0 |
_aWeb publishing. _92364 |
|
| 906 |
_a7 _bcbc _corignew _d1 _eocip _f19 _gy-gencatlg |
||
| 942 |
_2ddc _cSLOAN |
||
| 999 |
_c872 _d872 |
||